PESTICIDES (Record no. 290585)

MARC details
000 -LEADER
fixed length control field 00345pam a2200145a 44500
008 - FIXED-LENGTH DATA ELEMENTS--GENERAL INFORMATION
fixed length control field 230405s2017 xxu||||| |||| 00| 0 eng d
041 ## - LANGUAGE CODE
Language code of text/sound track or separate title ENG
100 ## - MAIN ENTRY--PERSONAL NAME
Personal name GUPTA R C
245 ## - TITLE STATEMENT
Title PESTICIDES
250 ## - EDITION STATEMENT
Edition statement 1 Ed.
260 ## - PUBLICATION, DISTRIBUTION, ETC.
Place of publication, distribution, etc. NEW DELHI
Name of publisher, distributor, etc. APH PUB
Date of publication, distribution, etc. 2017
300 ## - PHYSICAL DESCRIPTION
Extent 369p.
440 ## - SERIES STATEMENT/ADDED ENTRY--TITLE
Title MEHTA BOOK SELLERS ,KOLHAPUR , B- 47642
906 ## - LOCAL DATA ELEMENT F, LDF (RLIN)
a 1707
Holdings
Withdrawn status Lost status Damaged status Not for loan Collection Home library Current library Date acquired Total Checkouts Barcode Date last seen Price effective from Koha item type
          Loknete Mohanrao Kadam College of Agriculture, Kadegaon, Sangli Loknete Mohanrao Kadam College of Agriculture, Kadegaon, Sangli 18/04/2017   AGK-3754 17/04/2023 17/04/2023 Book